| 000 | 00707nam a2200217 a 4500 | ||
|---|---|---|---|
| 005 | 20231020063904.0 | ||
| 008 | 060221s2004 mx r 000 0 spa d | ||
| 020 | _a8449315581 | ||
| 035 | _aUPN01000142601 | ||
| 049 | _aCG | ||
| 050 | 4 |
_aLB1062.6 _bL4.3 |
|
| 100 | 1 | _aLevine, Mel D. | |
| 245 | 1 | 0 |
_aContra el mito de la pereza : _bcómo niños y padres pueden ser más productivos / _cMel Levine ; tr. Genís Sánchez Barberán. |
| 260 |
_aBarcelona, Esp. : _bPaidós, _cc2004. |
||
| 300 | _a309 p. | ||
| 440 | 0 |
_aPaidós transiciones ; _v52 |
|
| 534 |
_pTítulo original: _tThe myth of Laziness |
||
| 650 | 4 |
_aPsicología educativa _95197 |
|
| 650 | 4 |
_aRendimiento académico _93961 |
|
| 905 | _aLibro | ||
| 999 |
_c114748 _d114748 |
||